000
00181 a2200097 4500
020
_a
9780892393787
041
_a
spa
100
_a
Lulu Delacre
245
_a
Rafi y Rosi
942
_c
K
999
_c
26758
_d
26758